000 00468nam a2200169Ia 4500
001 35770
008 170316s1342 ii g b000 u 346 u
082 _a491.44
100 _aThakur, Rabindranath.
245 0 _aBangla Sabdatattwa /
_cRabindranath Thakur.
_hTextual Documents
250 _a2nd ed. /
260 _aCalcutta :
_bBiswabharati Granthalai ,
_c1342.
300 _a209p. ;
_c20cm.
653 _aBengali Language
653 _aG-Languages
942 _2ddc
_cBK
999 _c35752
_d35752